Timothy flies South : (Record no. 7943)
[ view plain ]
| 000 -LEADER | |
|---|---|
| fixed length control field | 01143nam a22002657a 4500 |
| 001 - CONTROL NUMBER | |
| control field | 7943 |
| 003 - CONTROL NUMBER IDENTIFIER | |
| control field | FISKH |
| 005 - DATE AND TIME OF LATEST TRANSACTION | |
| control field | 20250814114143.0 |
| 008 - FIXED-LENGTH DATA ELEMENTS--GENERAL INFORMATION | |
| fixed length control field | 250814b cb ||||| |||| 00| 0 eng d |
| 020 ## - INTERNATIONAL STANDARD BOOK NUMBER | |
| International Standard Book Number | 9781571454393 |
| 040 ## - CATALOGING SOURCE | |
| Original cataloging agency | FISKH |
| Language of cataloging | eng |
| Transcribing agency | FISKH |
| Modifying agency | FISKH |
| 050 ## - LIBRARY OF CONGRESS CALL NUMBER | |
| Classification number | PZ7 |
| 082 ## - DEWEY DECIMAL CLASSIFICATION NUMBER | |
| Classification number | 428.1 |
| 100 ## - MAIN ENTRY--PERSONAL NAME | |
| Personal name | Anonymous |
| 245 ## - TITLE STATEMENT | |
| Title | Timothy flies South : |
| Remainder of title | Learn about the opposites as you read the story stickers and a press-out model add to the fun! / |
| 260 ## - PUBLICATION, DISTRIBUTION, ETC. | |
| Place of publication, distribution, etc. | San Diego : |
| Name of publisher, distributor, etc. | Silver Dolphin Books, |
| Date of publication, distribution, etc. | 1999. |
| 300 ## - PHYSICAL DESCRIPTION | |
| Extent | 36 unnumbered pages : |
| Other physical details | color illustrations ; |
| Dimensions | 21 cm |
| 505 ## - FORMATTED CONTENTS NOTE | |
| Formatted contents note | E<br/><br/> |
| 520 ## - SUMMARY, ETC. | |
| Summary, etc. | Timothy, a colorful toucan, notices the weather turning cold and decides to fly south to find warmth. On his journey, he experiences and points out different opposites—such as night and day, high and low, and long and short. Once he reaches his sunny island, he enjoys the warm weather but also remembers his friends back home. |
| 521 8# - TARGET AUDIENCE NOTE | |
| Target audience note | 300<br/><br/> |
| Source | Lexile estimate<br/> |
| 521 8# - TARGET AUDIENCE NOTE | |
| Target audience note | F<br/> |
| Source | Raz-Plus<br/> |
| 650 ## - SUBJECT ADDED ENTRY--TOPICAL TERM | |
| Topical term or geographic name entry element | Early learning |
| Form subdivision | Interactive activities |
| General subdivision | Picture book |
| 942 ## - ADDED ENTRY ELEMENTS (KOHA) | |
| Source of classification or shelving scheme | Dewey Decimal Classification |
| Koha item type | Books |
| Suppress in OPAC | No |
| Withdrawn status | Lost status | Source of classification or shelving scheme | Damaged status | Not for loan | Collection | Home library | Current library | Shelving location | Date acquired | Total Checkouts | Full call number | Barcode | Date last seen | Date last checked out | Copy number | Price effective from | Koha item type |
|---|---|---|---|---|---|---|---|---|---|---|---|---|---|---|---|---|---|
| Dewey Decimal Classification | Juvenile Fiction | Footprints International School Library Network Toul Kork Campus | Footprints International School Library Network Toul Kork Campus | TK Primary Library Room(4th Floor), Bookcase 7, Shelves 57-60, Dark Green Books | 08/14/2025 | 1 | ANO 428.1 PZ7 | FISBK00510 | 01/05/2026 | 11/10/2025 | 1 | 08/14/2025 | Books |
